Súpis prác doc. Jána Svetlíka za roky 1950-1995

Bibliographic Details
Other Authors: Dvonč, Ladislav, 1926-2003 (Compiler)
Format: Article
Language:Slovak
Subjects:

MARC

LEADER 00000nab a2200000 a 4500
001 vtls000654603
003 SK-MaSNL
005 20260304084001.0
008 250425c1997 xo 0 slo
015 |a SNBRA1998/03-07448 
035 |a CLN000006796 
035 |a urn:nbn:sk:snk-ab2hu2 
035 |a (urnnbn)urn:nbn:sk:snk:ar-a02fwp 
035 |a (uuid)a7d23594-de79-4901-9254-386db2cc7198 
040 |a SNKBUCL  |b slo  |c SNKBUCL  |e AACR2 
041 0 |a slo 
044 |a xo  |c SK 
080 |a 801-051(016)  |2 1997 
080 |a 808.2-051(016)  |2 1997 
080 |a 016:80  |2 1997 
245 0 0 |a Súpis prác doc. Jána Svetlíka za roky 1950-1995  |c zostavil Ladislav Dvonč 
600 1 7 |a Svetlík, Ján,  |d 1927-2006  |2 snkbucl  |9 37191 
648 7 |a 1950-1995  |2 SNKPH  |9 1375697 
650 0 7 |a jazykovedné práce  |2 SNKPH  |9 465212 
655 7 |a bibliografické súpisy  |2 snkbucl  |9 269543 
655 7 |a články z novín a časopisov  |2 snkbucl  |9 267496 
700 1 |a Dvonč, Ladislav,  |d 1926-2003  |4 com  |9 101854 
773 0 |t Slavica slovaca  |g Roč. 32, č. 2 (1997), s. 171-176 
850 |a Slovenská národná knižnica 
852 |a Slovenská národná knižnica 
954 |a odborná, vedecká literatúra pôvodná (slovenská)  |2 lita 
958 |a article27 
958 |a SK 
958 |a SF 
958 |a OND 
958 |a EUIPO 
992 |a RBX 
999 |c 2801824  |d 2803754